How to Scceed in Interviews (Record no. 11328)

MARC details
000 -LEADER
fixed length control field 00254nam a2200109 4500
082 ## - DEWEY DECIMAL CLASSIFICATION NUMBER
Classification number 650.1422SKE
100 ## - MAIN ENTRY--AUTHOR NAME
Personal name Skeats, Judy
245 ## - TITLE STATEMENT
Title How to Scceed in Interviews
260 ## - PUBLICATION, DISTRIBUTION, ETC. (IMPRINT)
Place of publication New Delhi:
Name of publisher Competition Review,
Year of publication 1997.
300 ## - PHYSICAL DESCRIPTION
Number of Pages 125p. ;
942 ## - ADDED ENTRY ELEMENTS (KOHA)
Koha item type Books
Holdings
Withdrawn status Lost status Home library Current library Date acquired Cost, normal purchase price Full call number Accession Number Koha item type
    Seminar Library, Department of English Seminar Library, Department of English 31/10/2014 130.00 650.1422SKE 38706 Books